<?xml version="1.0" encoding="UTF-8"?>
<collection xmlns="http://www.loc.gov/MARC21/slim">
 <record>
  <leader>03129caa a2200589 c 4500</leader>
  <controlfield tag="001">1428640541</controlfield>
  <controlfield tag="003">DE-627</controlfield>
  <controlfield tag="005">20250409162131.0</controlfield>
  <controlfield tag="007">cr cn 008aaaaa</controlfield>
  <controlfield tag="008">120213s1893    xx |||||o     00| ||ger c</controlfield>
  <datafield tag="024" ind1="7" ind2=" ">
   <subfield code="a">urn:nbn:de:bsz:16-diglit-119705</subfield>
   <subfield code="2">urn</subfield>
  </datafield>
  <datafield tag="024" ind1="7" ind2=" ">
   <subfield code="a">10.11588/diglit.11970.108</subfield>
   <subfield code="2">doi</subfield>
  </datafield>
  <datafield tag="035" ind1=" " ind2=" ">
   <subfield code="a">(DE-627)1428640541</subfield>
  </datafield>
  <datafield tag="035" ind1=" " ind2=" ">
   <subfield code="a">(DE-576)358640547</subfield>
  </datafield>
  <datafield tag="035" ind1=" " ind2=" ">
   <subfield code="a">(DE-599)BSZ358640547</subfield>
  </datafield>
  <datafield tag="035" ind1=" " ind2=" ">
   <subfield code="a">(OCoLC)1263176114</subfield>
  </datafield>
  <datafield tag="040" ind1=" " ind2=" ">
   <subfield code="a">DE-627</subfield>
   <subfield code="b">ger</subfield>
   <subfield code="c">DE-627</subfield>
   <subfield code="e">rakwb</subfield>
  </datafield>
  <datafield tag="041" ind1=" " ind2=" ">
   <subfield code="a">ger</subfield>
  </datafield>
  <datafield tag="084" ind1=" " ind2=" ">
   <subfield code="a">9,10</subfield>
   <subfield code="2">ssgn</subfield>
  </datafield>
  <datafield tag="084" ind1=" " ind2=" ">
   <subfield code="a">NZ 14820</subfield>
   <subfield code="q">DE-2620/25</subfield>
   <subfield code="2">rvk</subfield>
   <subfield code="0">(DE-625)rvk/132594:</subfield>
  </datafield>
  <datafield tag="100" ind1="1" ind2=" ">
   <subfield code="a">Kirchbach, Wolfgang</subfield>
   <subfield code="d">1857-1906</subfield>
   <subfield code="0">(DE-588)118989480</subfield>
   <subfield code="0">(DE-627)133843041</subfield>
   <subfield code="0">(DE-576)210629541</subfield>
   <subfield code="4">aut</subfield>
  </datafield>
  <datafield tag="245" ind1="1" ind2="4">
   <subfield code="a">Der Kunstausstellungspalast zu Dresden und die neue königliche Kunstakademie, [1]</subfield>
   <subfield code="c">von Wolfgang Kirchbach</subfield>
  </datafield>
  <datafield tag="264" ind1=" " ind2="1">
   <subfield code="c">1893</subfield>
  </datafield>
  <datafield tag="300" ind1=" " ind2=" ">
   <subfield code="b">Ill.</subfield>
  </datafield>
  <datafield tag="336" ind1=" " ind2=" ">
   <subfield code="a">Text</subfield>
   <subfield code="b">txt</subfield>
   <subfield code="2">rdacontent</subfield>
  </datafield>
  <datafield tag="337" ind1=" " ind2=" ">
   <subfield code="a">Computermedien</subfield>
   <subfield code="b">c</subfield>
   <subfield code="2">rdamedia</subfield>
  </datafield>
  <datafield tag="338" ind1=" " ind2=" ">
   <subfield code="a">Online-Ressource</subfield>
   <subfield code="b">cr</subfield>
   <subfield code="2">rdacarrier</subfield>
  </datafield>
  <datafield tag="500" ind1=" " ind2=" ">
   <subfield code="a">Gesehen am 09.04.2025</subfield>
  </datafield>
  <datafield tag="533" ind1=" " ind2=" ">
   <subfield code="a">Online-Ausg.</subfield>
   <subfield code="b">Heidelberg</subfield>
   <subfield code="c">Univ.-Bibl.</subfield>
   <subfield code="d">2014</subfield>
   <subfield code="e">Online-Ressource</subfield>
   <subfield code="7">|2014||||||||||</subfield>
  </datafield>
  <datafield tag="583" ind1="1" ind2=" ">
   <subfield code="a">Archivierung/Langzeitarchivierung gewährleistet</subfield>
   <subfield code="x">XA-DE-BW</subfield>
   <subfield code="2">pdager</subfield>
   <subfield code="5">DE-16</subfield>
  </datafield>
  <datafield tag="689" ind1="0" ind2="0">
   <subfield code="d">b</subfield>
   <subfield code="0">(DE-588)509123-8</subfield>
   <subfield code="0">(DE-627)101360754</subfield>
   <subfield code="0">(DE-576)19110258X</subfield>
   <subfield code="a">Königlich Sächsische Akademie der Bildenden Künste zu Dresden</subfield>
   <subfield code="2">gnd</subfield>
  </datafield>
  <datafield tag="689" ind1="0" ind2="1">
   <subfield code="d">g</subfield>
   <subfield code="0">(DE-588)1177717999</subfield>
   <subfield code="0">(DE-627)104887169X</subfield>
   <subfield code="0">(DE-576)517443813</subfield>
   <subfield code="a">Städtischer Ausstellungspalast</subfield>
   <subfield code="g">Dresden</subfield>
   <subfield code="2">gnd</subfield>
  </datafield>
  <datafield tag="689" ind1="0" ind2="2">
   <subfield code="d">s</subfield>
   <subfield code="0">(DE-588)4002851-3</subfield>
   <subfield code="0">(DE-627)104280352</subfield>
   <subfield code="0">(DE-576)208848975</subfield>
   <subfield code="a">Architektur</subfield>
   <subfield code="2">gnd</subfield>
  </datafield>
  <datafield tag="689" ind1="0" ind2="3">
   <subfield code="a">z</subfield>
   <subfield code="2">gnd</subfield>
   <subfield code="a">Geschichte 1885-1894</subfield>
  </datafield>
  <datafield tag="689" ind1="0" ind2=" ">
   <subfield code="5">(DE-627)</subfield>
  </datafield>
  <datafield tag="773" ind1="0" ind2="8">
   <subfield code="i">In</subfield>
   <subfield code="t">Die Kunst für alle</subfield>
   <subfield code="d">München : Bruckmann, 1886</subfield>
   <subfield code="g">9(1893/94), Seite 257-264</subfield>
   <subfield code="h">Online-Ressource</subfield>
   <subfield code="w">(DE-627)607959517</subfield>
   <subfield code="w">(DE-600)2512755-X</subfield>
   <subfield code="w">(DE-576)310636671</subfield>
   <subfield code="x">2195-6820</subfield>
   <subfield code="7">nnas</subfield>
  </datafield>
  <datafield tag="773" ind1="1" ind2="8">
   <subfield code="g">volume:9</subfield>
   <subfield code="g">year:1893/94</subfield>
   <subfield code="g">pages:257-264</subfield>
  </datafield>
  <datafield tag="776" ind1="0" ind2="8">
   <subfield code="i">Elektronische Reproduktion von</subfield>
   <subfield code="a">Kirchbach, Wolfgang, 1857 - 1906</subfield>
   <subfield code="t">Der Kunstausstellungspalast zu Dresden und die neue königliche Kunstakademie</subfield>
   <subfield code="d">1894</subfield>
   <subfield code="w">(DE-627)667363718</subfield>
  </datafield>
  <datafield tag="856" ind1="4" ind2="0">
   <subfield code="u">https://doi.org/10.11588/diglit.11970.108</subfield>
   <subfield code="x">Resolving-System</subfield>
   <subfield code="x">Digitalisierung</subfield>
   <subfield code="x">Langzeitarchivierung</subfield>
   <subfield code="z">kostenfrei</subfield>
   <subfield code="3">Volltext</subfield>
  </datafield>
  <datafield tag="856" ind1="4" ind2="0">
   <subfield code="u">http://digi.ub.uni-heidelberg.de/diglit/kfa1893_1894/0328</subfield>
   <subfield code="x">Digitalisierung</subfield>
   <subfield code="x">Langzeitarchivierung</subfield>
   <subfield code="z">kostenfrei</subfield>
   <subfield code="3">Volltext</subfield>
  </datafield>
  <datafield tag="935" ind1=" " ind2=" ">
   <subfield code="a">SAXB</subfield>
  </datafield>
  <datafield tag="935" ind1=" " ind2=" ">
   <subfield code="h">SWB</subfield>
   <subfield code="i">ld</subfield>
  </datafield>
  <datafield tag="936" ind1="r" ind2="v">
   <subfield code="a">NZ 14820</subfield>
   <subfield code="b">Kultur- und Geistesgeschichte</subfield>
   <subfield code="k">Geschichte</subfield>
   <subfield code="k">Regionale Landeskunde</subfield>
   <subfield code="k">Landesgeschichte Sachsen</subfield>
   <subfield code="k">Orts- und Regionalgeschichte</subfield>
   <subfield code="k">Ortsgeschichte</subfield>
   <subfield code="k">Dresden</subfield>
   <subfield code="k">Kultur- und Geistesgeschichte</subfield>
   <subfield code="0">(DE-627)1270710885</subfield>
   <subfield code="0">(DE-625)rvk/132594:</subfield>
   <subfield code="0">(DE-576)200710885</subfield>
  </datafield>
  <datafield tag="951" ind1=" " ind2=" ">
   <subfield code="a">AR</subfield>
  </datafield>
  <datafield tag="994" ind1=" " ind2=" ">
   <subfield code="u">https://digi.ub.uni-heidelberg.de/diglit/kfa1893_1894/download.pdf</subfield>
  </datafield>
  <datafield tag="994" ind1=" " ind2=" ">
   <subfield code="u">https://digi.ub.uni-heidelberg.de/diglit/kfa1893_1894/download.pdf</subfield>
  </datafield>
  <datafield tag="990" ind1=" " ind2=" ">
   <subfield code="a">Königlich Sächsische Akademie der Bildenden Künste zu Dresden</subfield>
  </datafield>
  <datafield tag="990" ind1=" " ind2=" ">
   <subfield code="a">Städtischer Ausstellungspalast</subfield>
  </datafield>
  <datafield tag="990" ind1=" " ind2=" ">
   <subfield code="a">Architektur</subfield>
  </datafield>
  <datafield tag="990" ind1=" " ind2=" ">
   <subfield code="a">Geschichte 1885-1894</subfield>
  </datafield>
  <datafield tag="991" ind1=" " ind2=" ">
   <subfield code="a">Rezension (Veranstaltung, Ausstellung)</subfield>
  </datafield>
  <datafield tag="999" ind1=" " ind2=" ">
   <subfield code="a">KXP-PPN1428640541</subfield>
   <subfield code="e">450772340X</subfield>
  </datafield>
 </record>
</collection>
